Score 0/20 Timer 02:00
10 Plays Today
% Correct
Spain
94.6%
France
93.4%
Italy
90.3%
Germany
88.5%
Norway
87.1%
Portugal
85.3%
Ireland
80.4%
Poland
76.2%
Belgium
73.6%
Denmark
73.4%
% Correct
Iceland
70.1%
Estonia
63.9%
Turkey
62.8%
Hungary
62.5%
Ukraine
58.7%
Serbia
58.2%
Switzerland
57.1%
Cyprus
56.7%
Belarus
56.1%
Slovenia
56%
Remove Ads.
Support Sporcle.
Get the best of Sporcle when you Go Orange. This ad-free experience offers more features, more stats, and more fun while also helping to support Sporcle. Thank you for becoming a member.

You're not logged in!

Compare scores with friends on all Sporcle quizzes.
OR
Log In

Show Comments

Extras

Top Quizzes Today


Score Distribution

Your Account Isn't Verified!

In order to create a playlist on Sporcle, you need to verify the email address you used during registration. Go to your Sporcle Settings to finish the process.

Report this User

Report this user for behavior that violates our Community Guidelines.

Details: